Alle Brasilianer, die für Bayern München gespielt haben - Statistiken

Allgemein
  • Dieses Quiz wurde 361 mal gespielt
    318 seit der letzten Aktualisierung
  • Das Durchschnittsergebnis liegt bei 7 aus 13
Antwortstatistiken
Zeit Ligaspiele
(Tore)
Spieler % Korrekt
1997-2004 169 (92) Giovanne Elber
84%
2015-2017 &2020-2021 61 (9) Douglas Costa
80%
2011-2019 179 (5) Rafinha
77%
2012-2015 86 (3) Dante
73%
2004-2009 144 (7) Lucio
72%
2002-2006 &2007-2009 169(14) Ze Roberto
72%
2019-2020 23 (8) Philippe Coutinho
70%
2011-2013 64 (6) Luiz Gustavo
60%
2008-2012 21 (0) Breno
55%
1999-2002 77 (21) Paulo Sergio
47%
1992-1995 67 (6) Jorginho
26%
1991-1995 49 (11) Mazinho
16%
1991-1992 4 (0) Bernardo
11%
Keine übereinstimmenden Quizze gefunden
Verteilung der Resultate
Anzahl Personen mit jedem Resultat
Perzentil nach korrekt beantworteten Fragen
Ihre Resultats-Entwicklung
Sie haben dieses Quiz seit der letzten Aktualisierung nicht gespielt